000
00390nam a22001577a 4500
003
MPLRDC
005
20220104123505.0
008
210129b ||||| |||| 00| 0 eng d
082
_a
427.12 XLX
100
_a
薛凌霄、黄伟编著
245
_a
搅拌器食谱100 种
_c
260
_a
_b
香港万里书店
_c
1978
300
_b
平
650
_a
西餐食谱
942
_c
BK
_o
427.12 XLX
999
_c
11835
_d
11825